000 00490nam a22001937a 4500
020 _a8481646156
080 _a343.21 D 568
100 _aDièz Ripollès, Josè Luis
245 _ala Racionalidad de las Leyes Penales
_bPràctica y Teorìa
260 _aMadrid
_bTrotta
_c2009
300 _a205 P.
490 _aEstructuras y Procesos
650 _xderecho penal
650 _xlegislaciòn penal
650 _xley penal
650 _xpenas
945 _acd
_d2015-04-23
999 _c3766
_d234270
942 _6_